Statistics for Babylon 5 characters

Click here to take the quiz!

General Stats

  • This quiz has been taken 77 times
  • The average score is 10 of 20

Answer Stats

Hint Answer % Correct
Minbari AmbassadorDelenn
86%
Narn AmbassadorG'Kar
84%
Vorlon AmbassadorKosh
76%
Second in Command of StationSusan Ivanova
70%
Centauri AmbassadorLondo Mollari
68%
Second Station CommanderJohn Sheridan
68%
Head of SecurityMichael Garibaldi
65%
Initial Station CommanderJeffrey Sinclair
62%
Assistant or Attache to the aboveVir Cotto
57%
Assistant or Attache to the aboveLennier
49%
Replacement resident TelepathTalia Winters
49%
Assistant or Attache to the aboveNa'Toth
43%
Station DoctorStephen Franklin
43%
Ocassional station visitor and Psi CopAlfred Bester
43%
Agent of the race known as "The Shadows"Morden
43%
Station RangerMarcus Cole
41%
Initial resident Telepath and later assistant to no.6Lyta Alexander
35%
The first of the 'First ones'Lorien
24%
Station PilotWarren Keffer
16%
Replaced no.3 as Head of SecurityZach Allan
8%

Score Distribution

Percentile by Number Answered

Percent of People with Each Score

Your Score History

You have not taken this quiz